Album rap fr - Statistiques

Statistiques générales
  • Ce quiz a été pris 25 fois
  • Le résultat moyen est 2 sur 15
Statistiques - réponses
Album / Artiste / Nombre de stream Son % Correct
Destin / Ninho / 22 600 000 NI
53%
LMF / Freeze Corleone / 5 500 000 Dans les buissons
35%
Ce monde est cruel / Vald / 7 000 000 Ma star
24%
Subliminal / Gims / 1 500 000 Intro
18%
A7 / SCH / 7 000 000 Mauvaises idées
18%
1994 / Hamza / 2 800 000 Monopoly
18%
Or noir / Kaaris / 2 400 000 2 et demi
12%
Nero Nemesis / Booba / 4 300 000 U2K
12%
Commando / Niska / 8 600 000 D.M.B
6%
Corleone / Lacrim / 2 700 000 La rue
6%
Enna / PLK / 8 800 000 La vie c'est marrant
6%
LDS / Maes / 4 900 000 Neb nedal
6%
LEHdeMA / Laylow / 3 400 000 Tu comprends maintenant ?
6%
Akimbo / Ziak / 2 200 000 La zalousie
0%
Ipséité / Damso / 19 000 000 M. Noob Saibot
0%
Aucun quiz correspondant
Distribution des résultats
% des personnes avec chaque résultat
Percentile par nombre de réponses
Votre historique - résultats
Vous n’avez pas pris ce quiz